000
00334nam a2200145Ia 4500
003
OSt
005
20240229101656.0
008
170524s9999 xx 000 0 und d
020
_a
9789381467084
040
_c
iimtu meerut
100
_a
Rajender
245
0
_a
Samvad aur Samvadata
260
_b
CHANDIGAUR HARIYANANA
942
_2
ddc
_c
02
999
_c
8958
_d
8958